Transmission of Financial Stress in Europe : The Pivotal Role of Italy and Spain, but not Greece /

This paper proposes a stochastic volatility model to measure sovereign financial distress. It examines how key European sovereign credit default swap (CDS) spreads affect each other; specifically, the paper analyses the volatility structure of Germany, Greece, Ireland, Italy, Spain and Portugal. The...

Ausführliche Beschreibung

Bibliographische Detailangaben
1. Verfasser: Gonzalez-Hermosillo, Brenda
Weitere Verfasser: Johnson, Christian
Format: Zeitschrift
Sprache:English
Veröffentlicht: Washington, D.C. : International Monetary Fund, 2014.
Schriftenreihe:IMF Working Papers; Working Paper ; No. 2014/076
Online Zugang:Full text available on IMF
LEADER 02231cas a2200253 a 4500
001 AALejournalIMF014368
008 230101c9999 xx r poo 0 0eng d
020 |c 5.00 USD 
020 |z 9781484368190 
022 |a 1018-5941 
040 |a BD-DhAAL  |c BD-DhAAL 
100 1 |a Gonzalez-Hermosillo, Brenda. 
245 1 0 |a Transmission of Financial Stress in Europe :   |b The Pivotal Role of Italy and Spain, but not Greece /  |c Brenda Gonzalez-Hermosillo, Christian Johnson. 
264 1 |a Washington, D.C. :  |b International Monetary Fund,  |c 2014. 
300 |a 1 online resource (28 pages) 
490 1 |a IMF Working Papers 
500 |a <strong>Off-Campus Access:</strong> No User ID or Password Required 
500 |a <strong>On-Campus Access:</strong> No User ID or Password Required 
506 |a Electronic access restricted to authorized BRAC University faculty, staff and students 
520 3 |a This paper proposes a stochastic volatility model to measure sovereign financial distress. It examines how key European sovereign credit default swap (CDS) spreads affect each other; specifically, the paper analyses the volatility structure of Germany, Greece, Ireland, Italy, Spain and Portugal. The stability of Germany is a close proxy for the resilience of the euro area as markets use Germany's sovereign CDS as a hedge for systemic risk. Although most of the CDS changes for Germany during 2009-12 were due to idiosyncratic factors, market developments in Italy and Spain contributed significantly, likely due to their relative importance in the region. Changes in Greece's sovereign CDS had no significant effect on Germany's sovereign CDS despite initial widespread concerns about such linkages. Spain and Italy show a notable co-dependence in explaining each other's volatility while Germany also plays an important role. It is found that extreme bad news led to persistent and nearly permanent effects on the stochastic volatility of European sovereign CDS spreads. 
538 |a Mode of access: Internet 
700 1 |a Johnson, Christian. 
830 0 |a IMF Working Papers; Working Paper ;  |v No. 2014/076 
856 4 0 |z Full text available on IMF  |u http://elibrary.imf.org/view/journals/001/2014/076/001.2014.issue-076-en.xml  |z IMF e-Library